000 00933nac a22002657a 4500
001 BR7805473
003 BR-BrBNA
005 20240207135015.0
008 230509b bl.|||m| |||| 00| 0 por d
040 _aBR-BrBNA
_bpor
_cBiblioteca Nacional de Agricultura
072 _aA50; F00
090 _aA50
_bBR7805473
110 1 _aUnidade de Execucao de Pesquisa de Ambito Estadual de Lagoa Seca, PB (Brasil)
_910367
245 1 _aRelatorio trimestral [Unidade de Execucao de Pesquisa de Ambito Estadual de Lagoa Seca; Paraiba; Brasil]
260 3 _aLagoa Seca, PB (Brasil):
_c1978.
300 _a8 p.
490 _aRelatorio Trimestral - Unidade de Execucao de Pesquisa de Ambito Estadual de Lagoa Seca (Brazil)
_vno. 12
650 _aPesquisa agricola
650 _aProducao vegetal
650 _aPrograma de pesquisa
650 _aMelhoramento vegetal
650 _aLagoa Seca
650 _aParaiba
942 _2AGRIS
_n0
_cMS
999 _c268449
_d268449